000
00297nam a2200121Ia 4500
008
190216s9999||||xx |||||||||||||| ||und||
100
_a
Abdulla T
245
0
_a
Banking Theory And Practice Vol 2
260
_b
Abdulla (author) Publisher
_c
1980
300
_a
184p
650
_a
Commerce
942
_c
BK
999
_c
5169
_d
5169